000 00440nam a2200181Ia 4500
008 090124s9999 xx 000 0 und d
082 _b15690
_a5559
100 _aकर्णिक म.म.
245 _a तहान
250 _a1
260 _c1966
300 _a180
600 _aकर्णिक म.म.
630 _a तहान
700 _aकर्णिक म.म.
730 _a तहान
942 _cBOOK
999 _c129630
_d129630